Stuck on the Puzzle Lyrics - Alex Turner - Statistics

General Stats
  • This quiz has been taken 22 times
  • The average score is 180 of 219
Answer Stats
Answer % Correct
a
100%
about
100%
an
100%
and
100%
And
100%
girl
100%
gonna
100%
have
100%
I
100%
I'm
100%
in
100%
must
100%
night
100%
no
100%
not
100%
of
100%
off
100%
sing
100%
sit
100%
Something
100%
something
100%
stars
100%
the
100%
them
100%
to
100%
who
100%
who's
100%
you
100%
your
100%
but
94%
But
94%
fool
94%
magnetism
94%
pissed
94%
for
88%
last
88%
on
88%
Puzzle
88%
Stuck
88%
That
88%
that
88%
be
81%
caught
81%
Fingers
81%
it
81%
light
81%
up
81%
been
75%
blue
75%
dimming
75%
early
75%
from
75%
hand
75%
into
75%
like
75%
Like
75%
one
75%
saw
75%
searching
75%
told
75%
type
75%
was
75%
when
75%
all
69%
as
69%
backwards
69%
being
69%
bottom
69%
dark
69%
get
69%
gone
69%
he
69%
holding
69%
just
69%
lights
69%
looked
69%
trouble
69%
used
69%
you're
69%
came
63%
Forcing
63%
half
63%
my
63%
oh
63%
other
63%
room
63%
sight
63%
spent
63%
such
63%
they'd
63%
thought
63%
top
63%
asked
56%
got
56%
hadn't
56%
I'd
56%
knew
56%
man
56%
middle
56%
seen
56%
surrendered
56%
tried
56%
whoever's
56%
whom
56%
drop
50%
feet
50%
him
50%
how
50%
led
50%
made
50%
Nobody
50%
pretending
50%
stood
50%
swim
50%
wasn't
50%
Any
44%
away
44%
side
38%
ti
25%
No matching quizzes found
Score Distribution
Percent of People with Each Score
Percentile by Number Answered
Your Score History
You have not taken this quiz